[Event "Online Olym Top DivA 2020"]
[Site "chess.com INT"]
[Date "2020.08.22"]
[Round "5.4"]
[Board "1"]
[White "Anand, Viswanathan"]
[Black "Maghsoodloo, Parham"]
[Result "0-1"]
[WhiteTitle "GM"]
[BlackTitle "GM"]
[WhiteElo "2753"]
[BlackElo "2676"]
[WhiteTeam "India"]
[BlackTeam "Iran"]
[WhiteFideId "5000017"]
[BlackFideId "12539929"]
[EventDate "2020.08.21"]
[EventType "team"]

1. e4 c5 2. Nf3 Nc6 3. d4 cxd4 4. Nxd4 e5 5. Nb5 d6 6. c4 Be6 7. N1c3 a6 8. Na3
g6 9. Nc2 Bg7 10. Be3 Nf6 11. Be2 Rc8 12. b3 O-O 13. O-O b5 14. cxb5 Ne7 15. Bd2
axb5 16. Bxb5 Qb6 17. Na3 Rxc3 18. Bxc3 Nxe4 19. Bb2 d5 20. Be2 d4 21. Nc4 Bxc4
22. Bxc4 Nd6 23. Ba3 Nef5 24. Rc1 e4 25. Bc5 Qd8 26. Re1 Re8 27. b4 Nxc4 28.
Rxc4 e3 29. fxe3 Nxe3 30. Qa4 Re6 31. Rcc1 Qd5 32. Re2 d3 33. Rd2 Bd4 34. Kh1
Nxg2 35. Qb3 Qa8 0-1

[Event "Online Olym Top DivA 2020"]
[Site "chess.com INT"]
[Date "2020.08.22"]
[Round "5.4"]
[Board "2"]
[White "Tabatabaei, M.amin"]
[Black "Harikrishna, Pentala"]
[Result "0-1"]
[WhiteTitle "GM"]
[BlackTitle "GM"]
[WhiteElo "2629"]
[BlackElo "2732"]
[WhiteTeam "Iran"]
[BlackTeam "India"]
[WhiteFideId "12521213"]
[BlackFideId "5007003"]
[EventDate "2020.08.21"]
[EventType "team"]

1. d4 Nf6 2. c4 e6 3. Nf3 d5 4. Nc3 Be7 5. Bf4 O-O 6. e3 c5 7. dxc5 Bxc5 8. a3
Nc6 9. Qc2 Qa5 10. Rd1 Rd8 11. Nd2 dxc4 12. Nxc4 Rxd1+ 13. Qxd1 Qd8 14. Qxd8+
Nxd8 15. Be2 Nd5 16. Nxd5 exd5 17. Bd6 b6 18. Bf3 dxc4 19. Bxc5 Bb7 20. Bxb7
Nxb7 21. Bd4 Na5 22. Bc3 Nb3 23. Ke2 Rd8 24. g4 f6 25. h4 Kf7 26. h5 Nc5 27. Rc1
Nb3 28. Rg1 Rd5 29. Rd1 Rxd1 30. Kxd1 g6 31. Ke2 Ke6 32. e4 gxh5 33. gxh5 b5 34.
Ke3 a6 35. f3 Nc5 36. Bd4 Nd3 37. b3 Ne1 38. bxc4 bxc4 39. Bb2 f5 40. a4 Nd3 41.
Ba3 Ne5 42. Bb2 Nd3 43. Ba3 f4+ 44. Kd4 Ne5 45. Bc1 Nxf3+ 46. Kxc4 Ke5 47. Kd3
Ne1+ 48. Ke2 Nc2 49. Kf3 Nd4+ 50. Kg4 Ne2 51. Bd2 Kxe4 52. Kg5 f3 53. Be1 Nf4
54. Bg3 Nd3 55. Kh6 Kf5 56. Kxh7 Kg4 57. Bf2 0-1

[Event "Online Olym Top DivA 2020"]
[Site "chess.com INT"]
[Date "2020.08.22"]
[Round "5.4"]
[Board "3"]
[White "Koneru, Humpy"]
[Black "Khademalsharieh, Sarasadat"]
[Result "1/2-1/2"]
[WhiteTitle "GM"]
[BlackTitle "IM"]
[WhiteElo "2586"]
[BlackElo "2494"]
[WhiteTeam "India"]
[BlackTeam "Iran"]
[WhiteFideId "5008123"]
[BlackFideId "12512214"]
[EventDate "2020.08.21"]
[EventType "team"]

1. Nf3 d5 2. d4 Nf6 3. c4 e6 4. Nc3 a6 5. e3 c5 6. cxd5 exd5 7. Be2 Nc6 8. O-O
Bd6 9. dxc5 Bxc5 10. a3 O-O 11. b4 Ba7 12. Bb2 d4 13. exd4 Nxd4 14. Nxd4 Bxd4
15. Bf3 Rb8 16. Rc1 Bf5 17. Na4 Bxb2 18. Nxb2 Be4 19. Bxe4 Nxe4 20. Re1 Qf6 21.
Qc2 Rbc8 22. Qxe4 Rxc1 23. Rxc1 Qxb2 24. Qe3 Rd8 25. h3 Qf6 26. Qe4 Qb2 27. Qe3
Qf6 28. Qe4 Qb2 29. Qe3 1/2-1/2

[Event "Online Olym Top DivA 2020"]
[Site "chess.com INT"]
[Date "2020.08.22"]
[Round "5.4"]
[Board "4"]
[White "Mahdian, Anousha"]
[Black "Harika, Dronavalli"]
[Result "0-1"]
[WhiteTitle "WFM"]
[BlackTitle "GM"]
[WhiteElo "2212"]
[BlackElo "2515"]
[WhiteTeam "Iran"]
[BlackTeam "India"]
[WhiteFideId "12571490"]
[BlackFideId "5015197"]
[EventDate "2020.08.21"]
[EventType "team"]

1. d4 d5 2. c4 e6 3. Nc3 Nf6 4. cxd5 exd5 5. Bg5 Be7 6. e3 c6 7. Bd3 Nbd7 8. Qc2
Nh5 9. Bxe7 Qxe7 10. O-O-O Nb6 11. Kb1 g6 12. h3 Be6 13. Rc1 O-O-O 14. Na4 Nxa4
15. Qxa4 Kb8 16. Ne2 Rc8 17. Rc3 Rc7 18. Rhc1 Bd7 19. Ka1 Nf6 20. Ra3 b6 21. Qc2
Rhc8 22. Ba6 Rd8 23. Nc3 Ne8 24. Na4 Bc8 25. Qe2 Nd6 26. Bd3 Bb7 27. b4 Rdc8 28.
Rac3 f5 29. a3 g5 30. g3 f4 31. gxf4 gxf4 32. exf4 Qxe2 33. Bxe2 Rf8 34. b5 Re7
35. bxc6 Rxe2 36. cxb7 Nc4 37. Rf3 Re4 38. f5 Rxd4 0-1

[Event "Online Olym Top DivA 2020"]
[Site "chess.com INT"]
[Date "2020.08.22"]
[Round "5.4"]
[Board "5"]
[White "Nihal, Sarin"]
[Black "Gholami, Aryan"]
[Result "1/2-1/2"]
[WhiteTitle "GM"]
[BlackTitle "GM"]
[WhiteElo "2620"]
[BlackElo "2507"]
[WhiteTeam "India"]
[BlackTeam "Iran"]
[WhiteFideId "25092340"]
[BlackFideId "12513342"]
[EventDate "2020.08.21"]
[EventType "team"]

1. Nf3 Nf6 2. g3 b6 3. Bg2 Bb7 4. O-O e6 5. c4 Be7 6. b3 O-O 7. Bb2 d5 8. cxd5
exd5 9. d4 a5 10. Nc3 Ne4 11. Nxe4 dxe4 12. Ne5 f6 13. Nc4 Na6 14. a3 c5 15. Qc2
b5 16. Ne3 cxd4 17. Rad1 Rc8 18. Qb1 f5 19. Rxd4 Qe8 20. Rfd1 Nc5 21. b4 axb4
22. axb4 Na4 23. Rd7 Nxb2 24. Qxb2 Bc6 25. Ra7 Ra8 26. Rxa8 Bxa8 27. Qe5 Bxb4
28. Qxe8 Rxe8 29. Rb1 Bc3 30. Rxb5 g6 31. Nd5 1/2-1/2

[Event "Online Olym Top DivA 2020"]
[Site "chess.com INT"]
[Date "2020.08.22"]
[Round "5.4"]
[Board "6"]
[White "Zahedifar, Anahita"]
[Black "Vantika, Agrawal"]
[Result "0-1"]
[WhiteTitle "WFM"]
[BlackTitle "WIM"]
[WhiteElo "2213"]
[BlackElo "2286"]
[WhiteTeam "Iran"]
[BlackTeam "India"]
[WhiteFideId "12560715"]
[BlackFideId "25050389"]
[EventDate "2020.08.21"]
[EventType "team"]

1. d4 d6 2. c4 e5 3. Nc3 exd4 4. Qxd4 Nf6 5. Bg5 Be7 6. Nf3 O-O 7. e3 h6 8. Bh4
Nc6 9. Qd2 Be6 10. Be2 Ne5 11. b3 Ng6 12. Bg3 d5 13. cxd5 Nxd5 14. Nxd5 Qxd5 15.
Qxd5 Bxd5 16. O-O c6 17. Rfd1 Rfd8 18. Nd4 Bf6 19. Rac1 Ne7 20. Bg4 g6 21. Bc7
Rf8 22. Bd6 h5 23. Bf3 Rfd8 24. Bxe7 Bxe7 25. e4 Be6 26. Be2 Bg4 27. f3 Bg5 28.
Rc3 Bd7 29. Rcd3 c5 30. Nc2 Bc6 31. Kf2 Rxd3 32. Rxd3 Kf8 33. Ne3 Bf6 34. Nc4
Bd4+ 35. Kg3 b5 36. Na5 Be8 37. b4 Ke7 38. Nb7 h4+ 39. Kxh4 Bf6+ 40. Kg3 cxb4
41. f4 Bc3 42. Nd6 Bc6 43. e5 a5 44. Bf3 Be1+ 45. Kg4 Bd7+ 46. f5 Rg8 47. Nxf7
Bxf5+ 48. Kg5 Bxd3 49. Bd5 Bd2+ 50. Kg4 Bf5+ 0-1

[Event "Online Olym Top DivA 2020"]
[Site "chess.com INT"]
[Date "2020.08.22"]
[Round "5.5"]
[Board "1"]
[White "Abdusattorov, Nodirbek"]
[Black "Taher, Yoseph Theolifus"]
[Result "1-0"]
[WhiteTitle "GM"]
[BlackTitle "IM"]
[WhiteElo "2627"]
[BlackElo "2455"]
[WhiteTeam "Uzbekistan"]
[BlackTeam "Indonesia"]
[WhiteFideId "14204118"]
[BlackFideId "7105347"]
[EventDate "2020.08.21"]
[EventType "team"]

1. d4 d5 2. Nf3 Nf6 3. e3 c5 4. Bd3 Nc6 5. c3 e6 6. Nbd2 Bd6 7. O-O e5 8. dxc5
Bxc5 9. e4 Bg4 10. b4 Bb6 11. h3 Bh5 12. b5 Ne7 13. Ba3 Rc8 14. c4 Bxf3 15. Qxf3
Bd4 16. exd5 Bxa1 17. Rxa1 Qa5 18. Bxe7 Kxe7 19. Nb3 Qc3 20. d6+ Kxd6 21. Rd1
Kc7 22. Nc5 Rb8 23. Na6+ Kb6 24. Qe3+ Qd4 25. c5+ Ka5 26. Qe1+ Ka4 27. Rb1 Nd5
28. Bc2+ Ka3 29. Qa5+ 1-0

[Event "Online Olym Top DivA 2020"]
[Site "chess.com INT"]
[Date "2020.08.22"]
[Round "5.5"]
[Board "2"]
[White "Priasmoro, Novendra"]
[Black "Vokhidov, Shamsiddin"]
[Result "0-1"]
[WhiteTitle "IM"]
[BlackTitle "GM"]
[WhiteElo "2502"]
[BlackElo "2512"]
[WhiteTeam "Indonesia"]
[BlackTeam "Uzbekistan"]
[WhiteFideId "7105029"]
[BlackFideId "14204223"]
[EventDate "2020.08.21"]
[EventType "team"]

1. e4 c5 2. Nf3 d6 3. d4 cxd4 4. Nxd4 Nf6 5. Nc3 Nc6 6. Bg5 Bd7 7. Qd2 a6 8.
O-O-O e6 9. f3 Nxd4 10. Qxd4 h6 11. Be3 Bc6 12. h4 d5 13. exd5 Nxd5 14. Nxd5
Qxd5 15. Bc4 Qxd4 16. Bxd4 h5 17. Rd3 O-O-O 18. Rhd1 Bd6 19. Kb1 Bf4 20. b4 Rhg8
21. Bf2 Rxd3 22. Rxd3 g5 23. hxg5 b5 24. Bb3 Rxg5 25. Bh4 Rxg2 26. Rd8+ Kc7 27.
Rf8 Rg1+ 28. Kb2 Be5+ 29. Ka3 Rg7 30. Bd8+ Kb7 31. f4 Bxf4 32. Kb2 Be5+ 33. Ka3
Bf4 34. Kb2 Rh7 35. Bh4 Bd6 36. Rd8 Bxb4 37. c4 Rg7 38. cxb5 axb5 39. Rh8 Bf3
40. Kc2 Rg4 41. Bf6 Be4+ 42. Kd1 Bg6 43. Ke2 Bc5 44. Rd8 Re4+ 45. Kf3 Re3+ 46.
Kf4 Re2 47. Kg3 Re3+ 48. Kf4 Rd3 49. Rxd3 Bxd3 50. Kg5 Bg6 51. a4 Be3+ 52. Kh4
bxa4 53. Bxa4 Bf2+ 54. Kg5 h4 55. Kg4 Bg3 56. Bxh4 Bxh4 57. Kxh4 f6 58. Kg4 Kc7
59. Kf4 Kd6 60. Bb3 e5+ 61. Kf3 f5 62. Bc2 Ke6 63. Bb1 Kf6 64. Bc2 f4 65. Bb3
Kg5 66. Kf2 e4 67. Bd5 e3+ 68. Ke2 Kf6 69. Bc4 Ke5 70. Ba6 Be4 71. Bb5 Kd4 72.
Ba6 f3+ 73. Ke1 Bd3 0-1

[Event "Online Olym Top DivA 2020"]
[Site "chess.com INT"]
[Date "2020.08.22"]
[Round "5.5"]
[Board "3"]
[White "Abdusattorova, Bakhora"]
[Black "Sukandar, Irine Kharisma"]
[Result "0-1"]
[WhiteTitle "WIM"]
[BlackTitle "IM"]
[WhiteElo "2094"]
[BlackElo "2413"]
[WhiteTeam "Uzbekistan"]
[BlackTeam "Indonesia"]
[WhiteFideId "14204126"]
[BlackFideId "7101937"]
[EventDate "2020.08.21"]
[EventType "team"]

1. d4 Nf6 2. Nf3 e6 3. e3 b6 4. Bd3 Bb7 5. Nbd2 c5 6. b3 Nc6 7. a3 Be7 8. Bb2
O-O 9. O-O Rc8 10. Qe2 d6 11. Rad1 Qc7 12. dxc5 bxc5 13. Ng5 e5 14. Bf5 Rcd8 15.
f4 h6 16. Ngf3 exf4 17. exf4 Rfe8 18. Qf2 Bc8 19. Bxc8 Qxc8 20. h3 Qf5 21. Ne1
d5 22. Nd3 Ne4 23. Qf3 Bf6 24. g4 Qe6 25. f5 Qe7 26. Bxf6 Qxf6 27. Nf2 Nd4 28.
Qd3 Nc3 29. Rde1 Nce2+ 30. Kh1 c4 31. bxc4 dxc4 32. Nxc4 Qc6+ 0-1

[Event "Online Olym Top DivA 2020"]
[Site "chess.com INT"]
[Date "2020.08.22"]
[Round "5.5"]
[Board "4"]
[White "Aulia, Medina Warda"]
[Black "Baymuratova, Sevara"]
[Result "0-1"]
[WhiteTitle "IM"]
[BlackTitle "WIM"]
[WhiteElo "2360"]
[BlackElo "2153"]
[WhiteTeam "Indonesia"]
[BlackTeam "Uzbekistan"]
[WhiteFideId "7101570"]
[BlackFideId "14202182"]
[EventDate "2020.08.21"]
[EventType "team"]

1. e4 c5 2. Nf3 d6 3. d4 cxd4 4. Nxd4 Nf6 5. Nc3 a6 6. Be2 e5 7. Nb3 Be7 8. O-O
O-O 9. a4 Nc6 10. Bf3 Nb4 11. a5 Bd7 12. Re1 Rc8 13. Be3 Qc7 14. Rc1 Be6 15. Bb6
Qd7 16. Nd2 Rxc3 17. bxc3 Na2 18. Ra1 Nxc3 19. Qc1 Rc8 20. Qb2 Na4 21. Qb4 Nxb6
22. Qxb6 Rxc2 23. Nf1 d5 24. Ne3 Rc6 25. Qb1 d4 26. Nd5 Bd8 27. Qb4 h6 28. h3
Rc2 29. Bd1 Rc8 30. Ba4 Nxd5 31. exd5 Qxd5 32. Bd1 e4 33. Bg4 f5 34. Bh5 d3 35.
Reb1 Bf6 36. Ra4 Bd7 37. Bd1 Bxa4 38. Bxa4 Kh7 39. Bb3 Qc5 40. Qxb7 Bd4 41. Be6
Bxf2+ 42. Kh1 Rf8 43. g4 Qe3 44. Kg2 Qg3+ 0-1

[Event "Online Olym Top DivA 2020"]
[Site "chess.com INT"]
[Date "2020.08.22"]
[Round "5.5"]
[Board "5"]
[White "Saydaliev, Saidakbar"]
[Black "Arfan, Aditya Bagus"]
[Result "0-1"]
[WhiteTitle "FM"]
[BlackTitle "CM"]
[WhiteElo "2384"]
[BlackElo "2274"]
[WhiteTeam "Uzbekistan"]
[BlackTeam "Indonesia"]
[WhiteFideId "14203693"]
[BlackFideId "7106041"]
[EventDate "2020.08.21"]
[EventType "team"]

1. Nf3 Nf6 2. c4 g6 3. Nc3 Bg7 4. g3 O-O 5. Bg2 d6 6. d4 Nc6 7. O-O Bf5 8. d5
Na5 9. Nd2 c5 10. e4 Bd7 11. Qc2 e5 12. dxe6 Bxe6 13. b3 Nc6 14. Bb2 Nd4 15. Qd3
Qd7 16. Rad1 Bh3 17. Ne2 Bxg2 18. Kxg2 Nxe2 19. Qxe2 Rfe8 20. f3 Qc6 21. Rfe1 a6
22. Nf1 Re6 23. Qd3 Rae8 24. Kg1 Nd7 25. Bxg7 Kxg7 26. Qc3+ Kg8 27. Ne3 Qc7 28.
Nd5 Qd8 29. Nf4 Rf6 30. Rd5 Ne5 31. Rf1 Nc6 32. Ne2 Re5 33. Rfd1 Rxd5 34. Rxd5
Qe7 35. a3 Ne5 36. f4 Nc6 37. Qc2 Re6 38. Nc3 Nd4 39. Qd3 Nxb3 40. f5 Re5 41.
Rxd6 Nd4 42. Rd5 Rxd5 43. Nxd5 Qg5 44. f6 Qc1+ 45. Kg2 b5 46. cxb5 axb5 47. a4
Qb2+ 48. Kh3 c4 49. Qe3 bxa4 50. Nc3 Ne6 51. Nd5 a3 52. Qa7 Ng5+ 53. Kg4 h5+ 54.
Kxg5 Qd2+ 55. Nf4 Qd8 56. Qxa3 Qc8 57. Nd5 Kh7 58. Qe7 Qg4# 0-1

[Event "Online Olym Top DivA 2020"]
[Site "chess.com INT"]
[Date "2020.08.22"]
[Round "5.5"]
[Board "6"]
[White "Fisabilillah, Ummi"]
[Black "Khamdamova, Afruza"]
[Result "1-0"]
[WhiteTitle "WIM"]
[BlackTitle "WCM"]
[WhiteElo "2159"]
[BlackElo "1809"]
[WhiteTeam "Indonesia"]
[BlackTeam "Uzbekistan"]
[WhiteFideId "7104804"]
[BlackFideId "14210444"]
[EventDate "2020.08.21"]
[EventType "team"]

1. e4 e5 2. Nf3 Nc6 3. Bc4 Nf6 4. d3 Bc5 5. c3 d6 6. h3 h6 7. Nbd2 O-O 8. O-O a5
9. a4 Bd7 10. Re1 Qe7 11. Nh4 Ng4 12. hxg4 Qxh4 13. d4 Bxg4 14. Nf3 Bxf3 15.
Qxf3 exd4 16. Bf4 dxc3 17. bxc3 Kh8 18. g3 Qf6 19. Kg2 Ne5 20. Bxe5 Qxe5 21. Bd3
Rae8 22. Rh1 Re6 23. Rh5 Qxc3 24. Rah1 Rf6 25. Rf5 Rxf5 26. exf5 Qf6 27. Qxb7
Bb6 28. Qf3 Re8 29. g4 Kg8 30. Rh5 Re1 31. g5 Qe7 32. gxh6 g6 33. fxg6 fxg6 34.
h7+ Kh8 35. Bxg6 Bd4 36. Qa8+ 1-0

[Event "Online Olym Top DivA 2020"]
[Site "chess.com INT"]
[Date "2020.08.22"]
[Round "6.1"]
[Board "1"]
[White "Le, Quang Liem"]
[Black "Taher, Yoseph Theolifus"]
[Result "1/2-1/2"]
[WhiteTitle "GM"]
[BlackTitle "IM"]
[WhiteElo "2709"]
[BlackElo "2455"]
[WhiteTeam "Vietnam"]
[BlackTeam "Indonesia"]
[WhiteFideId "12401137"]
[BlackFideId "7105347"]
[EventDate "2020.08.21"]
[EventType "team"]

1. d4 d5 2. c4 dxc4 3. e4 b5 4. a4 c6 5. Nc3 a6 6. axb5 cxb5 7. Nxb5 axb5 8.
Rxa8 Bb7 9. Ra2 e6 10. Ne2 Bxe4 11. Nc3 Bc6 12. Be2 b4 13. Na4 Bxg2 14. Rg1 Bd5
15. Nc5 Nf6 16. Qa4+ Nc6 17. Bxc4 Bxc5 18. dxc5 O-O 19. Bh6 Ne5 20. Rxg7+ Kh8
21. Be2 Bxa2 22. Qxa2 Qa8 23. Qxa8 Rxa8 24. Rg3 Ng6 25. c6 Rc8 26. Bf3 Ng8 27.
Bd2 N8e7 28. Bxb4 Nxc6 29. Bc3+ Kg8 30. h4 Kf8 31. h5 Nge5 32. Bxc6 Nxc6 33. Rg7
Ke7 34. h6 e5 35. Rxh7 Kf6 36. Rg7 Rh8 37. Bd2 Ne7 38. Rg1 Nf5 39. b4 Nd4 40.
Rg3 Nf5 41. Ra3 Ke6 42. b5 Kd5 43. b6 Kc6 44. Rf3 Nd6 45. Rf6 Kd5 46. Bb4 Ne4
47. Rxf7 Rxh6 48. Ba5 Rh1+ 49. Ke2 Rb1 50. f3 Nd6 51. Ra7 Nc4 52. b7 Nd6 53. Bc3
Rxb7 54. Rxb7 Nxb7 55. Bxe5 Kxe5 56. f4+ Kxf4 1/2-1/2

[Event "Online Olym Top DivA 2020"]
[Site "chess.com INT"]
[Date "2020.08.22"]
[Round "6.1"]
[Board "2"]
[White "Priasmoro, Novendra"]
[Black "Tran, Tuan Minh"]
[Result "1-0"]
[WhiteTitle "IM"]
[BlackTitle "GM"]
[WhiteElo "2502"]
[BlackElo "2518"]
[WhiteTeam "Indonesia"]
[BlackTeam "Vietnam"]
[WhiteFideId "7105029"]
[BlackFideId "12401820"]
[EventDate "2020.08.21"]
[EventType "team"]

1. e4 c5 2. Nf3 d6 3. d4 cxd4 4. Nxd4 Nf6 5. Nc3 a6 6. g3 e5 7. Nde2 Be7 8. Bg2
O-O 9. O-O b5 10. Nd5 Nxd5 11. Qxd5 Ra7 12. Be3 Rb7 13. Rfd1 Nd7 14. h3 Nb6 15.
Qd3 Nc4 16. Bc1 Be6 17. b3 Nb6 18. Be3 Qc7 19. Rac1 Rc8 20. f4 h6 21. Kh1 Qc6
22. g4 Rbc7 23. Qd2 Qb7 24. Ng3 Rc3 25. Ne2 R3c6 26. f5 Bd7 27. g5 hxg5 28. Bxg5
f6 29. Be3 Be8 30. Bf3 Qc7 31. Rg1 Bf8 32. Rg2 Nd7 33. Ng3 Rc3 34. Be2 d5 35.
Qxd5+ Bf7 36. Qd2 Kh8 37. Bc4 Rxe3 38. Bxf7 Qc3 39. Qd1 g6 40. fxg6 Bh6 41. Qh5
Re1+ 42. Rxe1 Qxe1+ 43. Kh2 1-0

[Event "Online Olym Top DivA 2020"]
[Site "chess.com INT"]
[Date "2020.08.22"]
[Round "6.1"]
[Board "3"]
[White "Pham, Le Thao Nguyen"]
[Black "Sukandar, Irine Kharisma"]
[Result "1-0"]
[WhiteTitle "IM"]
[BlackTitle "IM"]
[WhiteElo "2366"]
[BlackElo "2413"]
[WhiteTeam "Vietnam"]
[BlackTeam "Indonesia"]
[WhiteFideId "12401226"]
[BlackFideId "7101937"]
[EventDate "2020.08.21"]
[EventType "team"]

1. d4 Nf6 2. Nf3 e6 3. Bf4 d5 4. e3 c5 5. c3 Nc6 6. Nbd2 Be7 7. Ne5 O-O 8. Bd3
Nd7 9. Bg3 f6 10. Qh5 f5 11. f4 Ncxe5 12. fxe5 c4 13. Bc2 b5 14. a3 a5 15. O-O
Nb6 16. Nf3 Bd7 17. Bh4 Be8 18. Bxe7 Bxh5 19. Bxd8 Rfxd8 20. Ng5 Re8 21. Nh3 h6
22. Nf4 Bf7 23. h4 Re7 24. h5 Rea7 25. Kh2 Nd7 26. g4 fxg4 27. Rg1 Nf8 28. Rxg4
b4 29. e4 bxc3 30. bxc3 dxe4 31. Bxe4 Rb8 32. Rag1 Be8 33. Ng6 Nh7 34. Rf1 Bf7
35. Rgf4 Ng5 36. Bc6 Rc7 37. Ba4 Rb2+ 38. R1f2 Rb1 39. Be8 Rb3 40. Bxf7+ Nxf7
41. d5 Rb6 42. d6 Rd7 43. Ne7+ 1-0

[Event "Online Olym Top DivA 2020"]
[Site "chess.com INT"]
[Date "2020.08.22"]
[Round "6.1"]
[Board "4"]
[White "Sihite, Chelsie Monica Ignesias"]
[Black "Vo, Thi Kim Phung"]
[Result "1-0"]
[WhiteTitle "WIM"]
[BlackTitle "WGM"]
[WhiteElo "2252"]
[BlackElo "2344"]
[WhiteTeam "Indonesia"]
[BlackTeam "Vietnam"]
[WhiteFideId "7101198"]
[BlackFideId "12401838"]
[EventDate "2020.08.21"]
[EventType "team"]

1. c4 Nf6 2. Nc3 e6 3. Nf3 d5 4. e3 Be7 5. Be2 O-O 6. O-O c5 7. cxd5 Nxd5 8. d4
cxd4 9. Nxd5 Qxd5 10. Nxd4 a6 11. Bf3 Qd7 12. Qc2 Bd6 13. h3 e5 14. Nb3 Qe7 15.
Rd1 a5 16. Bd2 a4 17. Na5 a3 18. Nc4 Na6 19. Nb6 axb2 20. Qxb2 Rb8 21. Nd5 Qe6
22. e4 Nc5 23. Be3 Na4 24. Qc2 b5 25. Rab1 Qg6 26. Kh1 Be6 27. Qc6 Ba3 28. Rb3
Bxd5 29. exd5 Bb2 30. Qxg6 hxg6 31. d6 Rfd8 32. d7 e4 33. Bxe4 Nc3 34. Rxc3 Bxc3
35. Bf4 Ba5 36. Bxb8 Rxb8 37. Rc1 Rd8 38. Bc6 b4 39. Re1 Kh7 40. Re8 g5 41. g4
Kg6 42. Kg2 Kf6 43. Kf3 Bb6 44. Ke4 g6 45. Kd5 Bc7 46. Kc4 Kg7 47. Kxb4 f5 48.
f3 Kf7 49. Kc4 Bb6 50. a4 Bc7 51. Kc5 Ba5 52. Kb5 Bc7 53. a5 Kf6 54. a6 Kf7 55.
a7 1-0

[Event "Online Olym Top DivA 2020"]
[Site "chess.com INT"]
[Date "2020.08.22"]
[Round "6.1"]
[Board "5"]
[White "Nguyen, Anh Khoi"]
[Black "Arfan, Aditya Bagus"]
[Result "1-0"]
[WhiteTitle "GM"]
[BlackTitle "CM"]
[WhiteElo "2520"]
[BlackElo "2274"]
[WhiteTeam "Vietnam"]
[BlackTeam "Indonesia"]
[WhiteFideId "12404675"]
[BlackFideId "7106041"]
[EventDate "2020.08.21"]
[EventType "team"]

1. d4 Nf6 2. c4 g6 3. Nc3 Bg7 4. e4 d6 5. Nge2 O-O 6. f3 Nc6 7. Be3 a6 8. Qd2
Rb8 9. Rc1 Bd7 10. Nd1 b5 11. c5 e5 12. d5 Ne7 13. c6 Bc8 14. g3 Nh5 15. Bg2 f5
16. O-O b4 17. Nf2 a5 18. b3 Ba6 19. Nh3 h6 20. g4 f4 21. Bf2 Nf6 22. g5 Nh7 23.
gxh6 Bxh6 24. Be1 g5 25. Nf2 Nf6 26. Bh3 Kh7 27. Ng4 Rb5 28. Kg2 Ng6 29. Nxf6+
Qxf6 30. Bg4 Rbb8 31. h3 Kg7 32. Bf2 Rh8 33. Ra1 Kf7 34. Rfb1 Bg7 35. a3 Bc8 36.
axb4 Bxg4 37. hxg4 axb4 38. Ra7 Rbc8 39. Qxb4 Rh4 40. Bxh4 Nxh4+ 41. Kf2 Bf8 42.
Qb7 Qd8 43. Rba1 Rb8 44. Qxc7+ Qxc7 45. Rxc7+ Be7 46. Rb7 Rc8 47. b4 Rh8 48. c7
Ng6 49. Rb8 Rh2+ 50. Kf1 Rh1+ 51. Ng1 1-0

[Event "Online Olym Top DivA 2020"]
[Site "chess.com INT"]
[Date "2020.08.22"]
[Round "6.1"]
[Board "6"]
[White "Fisabilillah, Ummi"]
[Black "Nguyen, Hong Anh"]
[Result "1-0"]
[WhiteTitle "WIM"]
[BlackTitle "WIM"]
[WhiteElo "2159"]
[BlackElo "1970"]
[WhiteTeam "Indonesia"]
[BlackTeam "Vietnam"]
[WhiteFideId "7104804"]
[BlackFideId "12406732"]
[EventDate "2020.08.21"]
[EventType "team"]

1. e4 c5 2. Nf3 Nc6 3. Bb5 g6 4. O-O Bg7 5. Bxc6 bxc6 6. Re1 e5 7. d3 d6 8. h3
h6 9. Nh2 Ne7 10. Nc3 O-O 11. f4 exf4 12. Bxf4 d5 13. exd5 Nxd5 14. Bd2 Be6 15.
Nf3 Rb8 16. Qc1 Kh7 17. Ne5 Qc7 18. Nf3 Qb6 19. Na4 Qb5 20. b3 Nc7 21. c4 Qb7
22. Nxc5 Qc8 23. Nxe6 Nxe6 24. Bc3 Qd7 25. Bxg7 Kxg7 26. Qc3+ Kh7 27. d4 Rbd8
28. Rad1 Nf4 29. Ne5 Qf5 30. Nxc6 Rde8 31. Qf3 h5 32. Ne5 Qg5 33. Rf1 Ne6 34.
Nd7 Kg7 35. Nxf8 Rxf8 36. d5 Nc5 37. Qf2 Ne4 38. Qd4+ Nf6 39. Rf3 1-0

[Event "Online Olym Top DivA 2020"]
[Site "chess.com INT"]
[Date "2020.08.22"]
[Round "6.2"]
[Board "1"]
[White "Maghsoodloo, Parham"]
[Black "Yakubboev, Nodirbek"]
[Result "1-0"]
[WhiteTitle "GM"]
[BlackTitle "GM"]
[WhiteElo "2676"]
[BlackElo "2591"]
[WhiteTeam "Iran"]
[BlackTeam "Uzbekistan"]
[WhiteFideId "12539929"]
[BlackFideId "14203987"]
[EventDate "2020.08.21"]
[EventType "team"]

1. d4 Nf6 2. c4 e6 3. Nf3 d5 4. Nc3 Bb4 5. Bg5 Nbd7 6. Qb3 c5 7. cxd5 exd5 8.
dxc5 Qa5 9. a3 Bxc3+ 10. Qxc3 Qxc3+ 11. bxc3 Ne4 12. Rd1 Ndxc5 13. Be3 Be6 14.
Ng5 Rc8 15. Nxe6 Nxe6 16. Rxd5 O-O 17. g3 Nxc3 18. Rd3 a5 19. Bb6 Na4 20. Bxa5
Nb2 21. Rc3 Ra8 22. Bb4 Rfd8 23. e3 Rd1+ 24. Ke2 Rad8 25. Rc2 Rb1 26. Bg2 Rxh1
27. Bxh1 Nd3 28. Bxb7 1-0

[Event "Online Olym Top DivA 2020"]
[Site "chess.com INT"]
[Date "2020.08.22"]
[Round "6.2"]
[Board "2"]
[White "Nigmatov, Ortik"]
[Black "Ghaem Maghami, Ehsan"]
[Result "0-1"]
[WhiteTitle "IM"]
[BlackTitle "GM"]
[WhiteElo "2447"]
[BlackElo "2561"]
[WhiteTeam "Uzbekistan"]
[BlackTeam "Iran"]
[WhiteFideId "14202131"]
[BlackFideId "12500739"]
[EventDate "2020.08.21"]
[EventType "team"]

1. e4 c6 2. d4 d5 3. exd5 cxd5 4. Nf3 Nc6 5. Bb5 e6 6. c3 Bd6 7. O-O Ne7 8. Re1
Qc7 9. Nbd2 Bd7 10. Nf1 O-O 11. Ng3 Rae8 12. Bd3 h6 13. Nh4 f5 14. Nf3 Ng6 15.
Nf1 Nf4 16. Bxf4 Bxf4 17. Bb5 Nb8 18. Bd3 Nc6 19. Bb5 Nb8 20. Bxd7 Nxd7 21. Qb3
Qb6 22. Re2 Bd6 23. Rae1 Qxb3 24. axb3 Kf7 25. c4 dxc4 26. bxc4 b6 27. Ne3 g6
28. Nc2 a5 29. b3 Re7 30. Rd1 Rc8 31. Ne3 Nf6 32. c5 bxc5 33. Nc4 Bb8 34. Nfe5+
Kg7 35. Nxa5 Ne4 36. Nac6 Rec7 37. Nxb8 Nc3 38. Na6 Nxe2+ 39. Kf1 Nxd4 40. Nxc7
Rxc7 41. b4 Kf6 42. Nc4 Nb5 43. bxc5 Rxc5 44. Ne3 Rc6 45. g3 Nd6 46. Rd2 g5 47.
Kg2 Ra6 48. Rb2 Ne4 49. Nc4 h5 50. f4 gxf4 51. gxf4 Ra4 52. Nb6 Rd4 53. Kf3 Rd3+
54. Kg2 h4 55. Nc4 h3+ 56. Kf1 Rf3+ 57. Ke1 Rxf4 58. Rb3 Ng5 59. Ke2 Rxc4 0-1